[Event "aut_chT04"]
[Site "Fuerstenfeld"]
[Date "2005.03.17"]
[Round "8"]
[Board "6"]
[White "Titz, Heimo"]
[Black "Schiestl, Josef"]
[Result "1/2-1/2"]
[WhiteElo "2176"]
[BlackElo "2139"]
[PlyCount "96"]

1.c4 Nf6 2.Nc3 g6 3.e4 d6 4.d4 Bg7 5.Nf3 O-O 6.Be2 e5 7.Be3 Ng4 8.Bg5 f6 9.Bc1
Nc6 10.O-O Kh8 11.h3 exd4 12.Nxd4 Nxd4 13.Qxd4 f5 14.Qd1 Nf6 15.Bf3 fxe4 16.Nxe4
Nxe4 17.Bxe4 Qf6 18.a4 Be6 19.Bxb7 Bxc4 20.Bxa8 Bxf1 21.Qxf1 Rxa8 22.Ra3 Re8
23.b4 Qd4 24.Re3 Rxe3 25.Bxe3 Qxb4 26.Qb5 Qxb5 27.axb5 Bc3 28.Bxa7 Kg8 29.Kf1
Kf7 30.Ke2 Ke6 31.Kd3 Be1 32.g4 d5 33.f4 Bb4 34.Bd4 Ba5 35.Bc5 Be1 36.Ke2 Bc3
37.Bf2 Bb4 38.Bd4 Ba5 39.Kf3 Be1 40.Ba7 Kf6 41.Ke2 Bb4 42.Bf2 Ke6 43.Kd3 Ba5
44.Bg3 Bb6 45.Kc3 Ba5+ 46.Kb3 Bb6 47.Kb4 Kf6 48.Kb3 Ke6

[Event "aut_chT04"]
[Site "Fuerstenfeld"]
[Date "2005.03.17"]
[Round "8"]
[Board "1"]
[White "Gyimesi, Zoltan"]
[Black "Boensch, Uwe"]
[Result "1-0"]
[WhiteElo "2602"]
[BlackElo "2540"]
[PlyCount "123"]

1.d4 Nf6 2.c4 e6 3.Nf3 d5 4.Nc3 Be7 5.Bf4 O-O 6.e3 Nbd7 7.cxd5 Nxd5 8.Nxd5 exd5
9.a3 c5 10.dxc5 Nxc5 11.Be5 Bf6 12.Be2 Bxe5 13.Nxe5 Be6 14.Nf3 Qb6 15.b4 Ne4
16.Qd4 Rfc8 17.O-O Bg4 18.Qxd5 Nc3 19.Qd2 a5 20.bxa5 Qxa5 21.h3 Bh5 22.g4 Nxe2+
23.Qxe2 Bg6 24.Nd4 Rc3 25.Qb2 Be4 26.Rfc1 Rxc1+ 27.Rxc1 h5 28.Qb4 Qxa3 29.Qxa3
Rxa3 30.gxh5 Ra5 31.Rc8+ Kh7 32.f3 Bc6 33.Rc7 Rxh5 34.Rxf7 Rxh3 35.Kf2 Rh2+
36.Kg3 Rh6 37.e4 Rd6 38.Nf5 Rd7 39.Rf8 g6 40.Ne3 Kg7 41.Rc8 Rd3 42.Kf2 Rd2+
43.Ke1 Rd3 44.Ke2 Rd7 45.Ng4 Re7 46.Ke3 Kf7 47.Kf4 Bd7 48.Rc5 Bxg4 49.Kxg4 Kf6
50.Rb5 Kg7 51.Kg5 Rf7 52.f4 Re7 53.e5 Rf7 54.Rb6 Rf5+ 55.Kg4 Rf7 56.Rd6 Kh6
57.Kf3 Kg7 58.Ke4 Rc7 59.Kd5 Rf7 60.Rd8 Rf5 61.Ke4 Rf7 62.e6

[Event "aut_chT04"]
[Site "Fuerstenfeld"]
[Date "2005.03.17"]
[Round "8"]
[Board "2"]
[White "Schlosser, Philipp"]
[Black "Ftacnik, Lubomir"]
[Result "1/2-1/2"]
[WhiteElo "2570"]
[BlackElo "2539"]
[PlyCount "74"]

1.e4 c5 2.Nf3 d6 3.d4 cxd4 4.Nxd4 Nf6 5.Nc3 a6 6.Be2 Nc6 7.O-O e6 8.Be3 Be7 9.f4
Qc7 10.a4 O-O 11.Kh1 Re8 12.Qd2 Bf8 13.Rad1 Nd7 14.Qe1 Nxd4 15.Bxd4 b6 16.Rd3
Bb7 17.Rh3 Be7 18.Bd3 e5 19.fxe5 Nxe5 20.Qf2 Bd8 21.Qf5 g6 22.Qf4 f6 23.Be2 Rc8
24.Rd1 Rf8 25.Qh6 Qe7 26.Qe3 Nc4 27.Bxc4+ Rxc4 28.Bxb6 Bxe4 29.Bxd8 Rxd8 30.b3
Rxc3 31.Qxc3 Bxg2+ 32.Kxg2 Qe2+ 33.Kg3 Qxd1 34.Qc7 Qg1+ 35.Kf3 Qf1+ 36.Kg3 Qe1+
37.Kf3 Qf1+

[Event "aut_chT04"]
[Site "Fuerstenfeld"]
[Date "2005.03.17"]
[Round "8"]
[Board "3"]
[White "Babula, Vlastimil"]
[Black "Kritz, Leonid"]
[Result "1/2-1/2"]
[WhiteElo "2566"]
[BlackElo "2547"]
[PlyCount "84"]

1.d4 Nf6 2.c4 c6 3.Nc3 d5 4.Nf3 a6 5.c5 Nbd7 6.Bf4 Nh5 7.e3 Nxf4 8.exf4 b6
9.cxb6 e6 10.Bd3 Bd6 11.g3 c5 12.O-O O-O 13.Rc1 c4 14.Bb1 Qxb6 15.b3 cxb3 16.Na4
Qb4 17.axb3 Rb8 18.Rc3 g6 19.Qc1 Bb7 20.Qe3 Rfc8 21.Rfc1 Rxc3 22.Rxc3 Rc8
23.Rxc8+ Bxc8 24.f5 exf5 25.Bxf5 gxf5 26.Qg5+ Kf8 27.Qd8+ Kg7 28.Qxc8 Qxb3
29.Nc3 Nf6 30.Nh4 Bb4 31.Nxf5+ Kg6 32.Nh4+ Kg7 33.Nf5+ Kg6 34.Nh4+ Kg7 35.Nf5+
Kg6 36.Ne3 Bxc3 37.Qf5+ Kg7 38.Qg5+ Kf8 39.Qxf6 Qb1+ 40.Kg2 Qe4+ 41.Kg1 Qb1+
42.Nf1 a5

[Event "aut_chT04"]
[Site "Fuerstenfeld"]
[Date "2005.03.17"]
[Round "8"]
[Board "4"]
[White "Lehner, Oliver"]
[Black "Stanec, Nikolaus"]
[Result "1/2-1/2"]
[WhiteElo "2406"]
[BlackElo "2566"]
[PlyCount "75"]

1.e4 c6 2.d4 d5 3.exd5 cxd5 4.c4 Nf6 5.Nc3 g6 6.Qb3 Bg7 7.cxd5 O-O 8.Nge2 Nbd7
9.Nf4 Nb6 10.Be2 Bg4 11.Bxg4 Nxg4 12.h3 Nh6 13.Be3 Nf5 14.Rd1 Rc8 15.O-O Rc4
16.Nfe2 a5 17.a3 a4 18.Qa2 Rc8 19.Bf4 Qd7 20.Be5 Rfd8 21.Bxg7 Kxg7 22.Nf4 Qc7
23.g3 Qc4 24.Qb1 Nxd4 25.Qe4 Nf5 26.Qe5+ Kg8 27.Rfe1 Nd7 28.Qe4 Nf6 29.Qxc4 Rxc4
30.Ng2 h5 31.Ne3 Nxe3 32.Rxe3 Kf8 33.Red3 Ne4 34.Nxe4 Rxe4 35.d6 exd6 36.Rxd6
Re1+ 37.Rxe1 Rxd6 38.Re4

[Event "aut_chT04"]
[Site "Fuerstenfeld"]
[Date "2005.03.17"]
[Round "8"]
[Board "5"]
[White "Weiss, Christian"]
[Black "Weinzettl, Ernst"]
[Result "1/2-1/2"]
[WhiteElo "2422"]
[BlackElo "2360"]
[PlyCount "123"]

1.c4 c5 2.Nf3 Nf6 3.g3 g6 4.Bg2 Bg7 5.d4 cxd4 6.Nxd4 Nc6 7.O-O O-O 8.Nc3 d6 9.e3
Bd7 10.b3 Qc8 11.Bb2 Bh3 12.Nd5 Nxd5 13.cxd5 Nxd4 14.Bxd4 Bxg2 15.Kxg2 Qf5
16.Bxg7 Kxg7 17.Qd4+ Qf6 18.Qb4 Qe5 19.Rad1 b6 20.Rd4 Rfc8 21.Qd2 Rc5 22.b4 Rc7
23.Rc1 Rac8 24.Rxc7 Rxc7 25.a4 Qf5 26.e4 Qc8 27.Qf4 f6 28.h3 Rc2 29.Qe3 a5
30.bxa5 bxa5 31.g4 g5 32.Rd2 Rc1 33.Qa7 Kf7 34.Qe3 Qc4 35.Qd3 Qxd3 36.Rxd3 Rc4
37.f3 Rxa4 38.Rc3 Ra2+ 39.Kg3 a4 40.Rc8 a3 41.Ra8 Ra1 42.Kg2 e5 43.Ra7+ Ke8
44.Rxh7 Kd8 45.Ra7 Kc8 46.Ra8+ Kb7 47.Ra4 Kb6 48.Ra8 Kb5 49.Rb8+ Kc4 50.Ra8 Kd3
51.Ra6 a2 52.Ra8 Ke3 53.Ra3+ Kf4 54.Ra4 Ke3 55.Ra3+ Ke2 56.Ra6 Kd3 57.Ra3+ Ke2
58.Ra6 Ke3 59.Ra3+ Kf4 60.Ra4 Ke3 61.Ra3+ Kf4 62.Ra4

[Event "aut_chT04"]
[Site "Fuerstenfeld"]
[Date "2005.03.17"]
[Round "8"]
[Board "6"]
[White "Kleissl, Helmut"]
[Black "Knoll, Hermann"]
[Result "1/2-1/2"]
[WhiteElo "2334"]
[BlackElo "2356"]
[PlyCount "129"]

1.Nf3 d5 2.d4 Nf6 3.c4 c6 4.Nc3 a6 5.c5 Nbd7 6.Bf4 Nh5 7.e3 g6 8.Be2 Bg7 9.O-O
O-O 10.Qd2 Qe8 11.Bc7 h6 12.Rfe1 f5 13.Qc2 Bf6 14.Na4 Ng7 15.Nb6 Nxb6 16.cxb6
Ne6 17.Be5 Qd8 18.Qb3 Bd7 19.Rac1 Be8 20.Bd3 Kg7 21.a4 a5 22.Rc3 Rc8 23.Rec1 Bf7
24.Qa3 Re8 25.Qb3 Bg8 26.Bg3 c5 27.dxc5 d4 28.R3c2 dxe3 29.Bb5 f4 30.Bxe8 fxg3
31.Qxe3 gxh2+ 32.Kxh2 Qxe8 33.c6 bxc6 34.b7 Rb8 35.Rxc6 Qd7 36.Ne5 Qd5 37.Ng4
Qh5+ 38.Qh3 Qxh3+ 39.Kxh3 Bxb2 40.Rb1 Rxb7 41.Ra6 h5 42.Ne3 Ng5+ 43.Kh4 Rb4+
44.g4 Ba2 45.Rxb2 Nf3+ 46.Kg3 Rxb2 47.Kxf3 hxg4+ 48.Nxg4 Bc4 49.Rxa5 Be2+ 50.Kg3
Bxg4 51.Kxg4 Rxf2 52.Ra6 Kf7 53.a5 Rg2+ 54.Kf4 e6 55.Ra8 Kf6 56.Rf8+ Ke7 57.Rg8
Kf7 58.Ra8 g5+ 59.Kf3 Ra2 60.Kg4 Kf6 61.a6 Ra4+ 62.Kg3 Kf5 63.Rf8+ Ke5 64.Ra8
Kf5 65.Rf8+

[Event "aut_chT04"]
[Site "Fuerstenfeld"]
[Date "2005.03.17"]
[Round "8"]
[Board "1"]
[White "Gustafsson, Jan"]
[Black "Groszpeter, Attila"]
[Result "1/2-1/2"]
[WhiteElo "2616"]
[BlackElo "2524"]
[PlyCount "71"]

1.d4 Nf6 2.c4 e6 3.g3 d5 4.Nf3 dxc4 5.Bg2 Nc6 6.Qa4 Bd7 7.Qxc4 Rc8 8.O-O Na5
9.Qd3 c5 10.Nc3 cxd4 11.Nxd4 Bc5 12.Nb3 Nxb3 13.axb3 Bc6 14.Bxc6+ Rxc6 15.Qxd8+
Kxd8 16.b4 Bb6 17.Na4 Ke7 18.Nxb6 axb6 19.Ra7 Rc7 20.Be3 Nd5 21.Bd4 f6 22.e4
Nxb4 23.Bxb6 Nc6 24.Raa1 Rd7 25.Rfd1 Rxd1+ 26.Rxd1 Rc8 27.Bc5+ Ke8 28.f4 Rd8
29.Rxd8+ Nxd8 30.Kf2 b5 31.g4 Nc6 32.Kf3 g6 33.h4 Kf7 34.Bd6 f5 35.Bc5 Ke8
36.Ke3

[Event "aut_chT04"]
[Site "Fuerstenfeld"]
[Date "2005.03.17"]
[Round "8"]
[Board "2"]
[White "Tibensky, Robert"]
[Black "Atlas, Valery"]
[Result "1/2-1/2"]
[WhiteElo "2442"]
[BlackElo "2478"]
[PlyCount "75"]

1.d4 e6 2.Nf3 c5 3.e3 Nf6 4.Bd3 b6 5.O-O Bb7 6.c4 d6 7.Nc3 Nbd7 8.b3 g6 9.Bb2
Bg7 10.d5 exd5 11.Nxd5 O-O 12.Nxf6+ Bxf6 13.Rb1 Re8 14.Re1 Ne5 15.Nxe5 Bxe5
16.Be2 Qf6 17.Bf3 Bxf3 18.Bxe5 dxe5 19.Qxf3 Qxf3 20.gxf3 Rad8 21.Red1 f5 22.Kg2
Kf7 23.Kg3 Ke6 24.f4 e4 25.f3 a6 26.Rbc1 Kf6 27.h4 h6 28.Kf2 Rh8 29.Ke2 exf3+
30.Kxf3 g5 31.hxg5+ hxg5 32.fxg5+ Kxg5 33.Rxd8 Rxd8 34.Rg1+ Kf6 35.Rh1 Kg6
36.Rg1+ Kf6 37.Rh1 Kg6 38.Rg1+

[Event "aut_chT04"]
[Site "Fuerstenfeld"]
[Date "2005.03.17"]
[Round "8"]
[Board "3"]
[White "Naumann, Alexander"]
[Black "Ganaus, Hannes"]
[Result "1-0"]
[WhiteElo "2538"]
[BlackElo "2315"]
[PlyCount "59"]

1.e4 e6 2.d4 d5 3.Nd2 dxe4 4.Nxe4 Bd7 5.Nf3 Bc6 6.Ned2 Nd7 7.Bd3 Ngf6 8.O-O b5
9.Qe2 Qb8 10.a4 b4 11.a5 Be7 12.Nc4 O-O 13.Nce5 Nxe5 14.Nxe5 Be8 15.Bg5 Qd8
16.Rfd1 Nd5 17.Bxe7 Qxe7 18.Qe4 g6 19.Bc4 Rd8 20.Rd3 f6 21.Nf3 Bc6 22.Re1 Rfe8
23.Qg4 Kg7 24.Nd2 h5 25.Qg3 Qd6 26.Ne4 Qxg3 27.hxg3 Kf7 28.Nc5 Rb8 29.Rb3 Bb5
30.Bxb5

[Event "aut_chT04"]
[Site "Fuerstenfeld"]
[Date "2005.03.17"]
[Round "8"]
[Board "4"]
[White "Franzen, Jozef"]
[Black "Baramidze, David"]
[Result "0-1"]
[WhiteElo "2390"]
[BlackElo "2550"]
[PlyCount "84"]

1.Nf3 c5 2.b3 Nf6 3.Bb2 e6 4.e3 b6 5.Be2 Bb7 6.O-O Be7 7.c4 O-O 8.d4 cxd4 9.Nxd4
a6 10.Bf3 Qc7 11.Nc3 Nc6 12.Nxc6 Bxc6 13.Rc1 Bd6 14.h3 Bh2+ 15.Kh1 Be5 16.Rc2
Rfd8 17.Qe2 Bxf3 18.Qxf3 Rac8 19.Ne2 Bxb2 20.Rxb2 d5 21.cxd5 Rxd5 22.Rc1 Qd8
23.Rxc8 Qxc8 24.Rb1 Rc5 25.Rd1 h6 26.Nd4 b5 27.Kh2 Kh8 28.Rd2 Qc7+ 29.g3 Qc8
30.Kg2 e5 31.b4 Rc4 32.Nf5 Ne4 33.Qg4 Ng5 34.f4 Qc6+ 35.Kf2 Qh1 36.fxg5 Rxg4
37.hxg4 hxg5 38.Ke2 Qe4 39.Nd6 Qxg4+ 40.Kf2 Qxb4 41.Nxf7+ Kg8 42.Rd7 Qf8

[Event "aut_chT04"]
[Site "Fuerstenfeld"]
[Date "2005.03.17"]
[Round "8"]
[Board "5"]
[White "Gaertner, Guntram"]
[Black "Wallner, Joachim"]
[Result "1/2-1/2"]
[WhiteElo "2353"]
[BlackElo "2278"]
[PlyCount "82"]

1.d4 d5 2.c4 c6 3.cxd5 cxd5 4.Nf3 Nf6 5.Nc3 Nc6 6.Bf4 Bf5 7.e3 a6 8.Be2 Rc8
9.O-O e6 10.Rc1 Bd6 11.Bxd6 Qxd6 12.Na4 O-O 13.Nc5 Rc7 14.Qb3 Rb8 15.Qb6 Ne4
16.Nxe4 Bxe4 17.Ne5 f6 18.Nd3 Bxd3 19.Bxd3 Rd7 20.Bxa6 bxa6 21.Qxc6 Rxb2 22.Qa4
Rb4 23.Rc8+ Kf7 24.Qc2 f5 25.Rc6 Qb8 26.Qe2 Rc7 27.Qh5+ Kf6 28.Qh4+ Kf7 29.Rxc7+
Qxc7 30.Qxh7 Qc4 31.h4 Qxa2 32.Qh5+ Kf6 33.Qg5+ Kf7 34.Qh5+ Kf6 35.Qd1 a5 36.g4
a4 37.gxf5 exf5 38.Qh5 Qc2 39.Qe8 Qe4 40.Qf8+ Kg6 41.Qxb4 a3

[Event "aut_chT04"]
[Site "Fuerstenfeld"]
[Date "2005.03.17"]
[Round "8"]
[Board "6"]
[White "Fusi, Christoph"]
[Black "Grabher, Heinz"]
[Result "1/2-1/2"]
[WhiteElo "2219"]
[BlackElo "2271"]
[PlyCount "98"]

1.e4 c5 2.Nf3 e6 3.d4 cxd4 4.Nxd4 Nf6 5.Nc3 Nc6 6.Nxc6 bxc6 7.e5 Nd5 8.Ne4 Qc7
9.f4 Qb6 10.c4 Bb4+ 11.Ke2 f5 12.exf6 Nxf6 13.Be3 Qa5 14.Nxf6+ gxf6 15.h4 Bc5
16.Rh3 Bxe3 17.Rxe3 Qh5+ 18.Kf2 Qxh4+ 19.g3 Qh6 20.Qd6 Qf8 21.Qc7 Qc5 22.Be2 O-O
23.Rh1 a5 24.Rh5 f5 25.Bd3 Ra7 26.Qe5 Qxe5 27.fxe5 c5 28.Rf3 d6 29.exd6 Rd8
30.g4 Rxd6 31.gxf5 exf5 32.Bxf5 Bxf5 33.Rfxf5 Rd2+ 34.Ke3 Rxb2 35.Rhg5+ Rg7
36.Rxc5 Rxg5 37.Rxg5+ Kf7 38.Rxa5 Ke6 39.a4 Kd6 40.Kd4 Ra2 41.Ra6+ Kc7 42.Ra7+
Kb6 43.Rxh7 Rxa4 44.Rh6+ Kc7 45.Kd5 Ra1 46.Rh7+ Kc8 47.Kc6 Ra6+ 48.Kb5 Rg6 49.c5
Rf6

[Event "aut_chT04"]
[Site "Fuerstenfeld"]
[Date "2005.03.17"]
[Round "8"]
[Board "1"]
[White "Rotstein, Arkadij"]
[Black "Ruck, Robert"]
[Result "1/2-1/2"]
[WhiteElo "2528"]
[BlackElo "2554"]
[PlyCount "163"]

1.c4 Nf6 2.Nf3 c5 3.g3 Nc6 4.d4 cxd4 5.Nxd4 e6 6.Bg2 Qb6 7.Nb3 Bb4+ 8.Bd2 d5
9.cxd5 Nxd5 10.O-O O-O 11.e4 Nf6 12.Be3 Qd8 13.Qe2 e5 14.Rd1 Qc7 15.a3 Bg4
16.Bf3 Be6 17.Qc2 Bxb3 18.Qxb3 Ba5 19.Nc3 Bb6 20.Nb5 Qe7 21.Bxb6 axb6 22.Rac1
Ra5 23.Kg2 h6 24.Rd3 Nd7 25.Rdd1 Nc5 26.Qc4 Ne6 27.Nc3 Ned4 28.Nd5 Qd8 29.Qd3 b5
30.Bg4 Qd6 31.Qe3 b4 32.axb4 Nxb4 33.Nxb4 Qxb4 34.Qc3 Rb5 35.Bd7 Rb6 36.Qc5 Qxc5
37.Rxc5 f6 38.Rb1 Ra8 39.b4 Rd6 40.Rc7 b6 41.Rbc1 Ra2 42.Be8 Kh7 43.h4 h5
44.Bxh5 Nb5 45.R7c2 Rxc2 46.Rxc2 Na3 47.Rc8 Rd4 48.Bg4 Nb5 49.Rb8 Nd6 50.Rxb6
Nxe4 51.Bf5+ Kh6 52.Rb8 g6 53.Bxe4 Rxe4 54.b5 Rb4 55.b6 f5 56.f3 Rb2+ 57.Kf1 Kg7
58.g4 fxg4 59.fxg4 e4 60.g5 Kf7 61.Rb7+ Kf8 62.Rb8+ Kf7 63.Ke1 e3 64.b7 Kg7
65.Kd1 e2+ 66.Ke1 Kh7 67.Kf2 Kg7 68.Re8 Rxb7 69.Rxe2 Rb4 70.Kg3 Ra4 71.Re7+ Kf8
72.Re6 Kf7 73.Rf6+ Kg7 74.Rf4 Ra3+ 75.Kg4 Ra1 76.Rb4 Rf1 77.Rb7+ Kg8 78.Ra7 Kf8
79.h5 Rg1+ 80.Kf4 Rf1+ 81.Ke5 gxh5 82.Ke4

[Event "aut_chT04"]
[Site "Fuerstenfeld"]
[Date "2005.03.17"]
[Round "8"]
[Board "2"]
[White "Ribli, Zoltan"]
[Black "Beim, Valeri"]
[Result "1-0"]
[WhiteElo "2603"]
[BlackElo "2512"]
[PlyCount "251"]

1.e4 d5 2.exd5 Nf6 3.d4 Nxd5 4.Nf3 Bf5 5.Be2 e6 6.O-O Be7 7.a3 O-O 8.c4 Nf6
9.Nc3 Ne4 10.Be3 Nxc3 11.bxc3 Nd7 12.Qb3 b6 13.Rfd1 Be4 14.a4 a5 15.h3 Rb8
16.Qa2 Bf6 17.Nd2 Bb7 18.Bf3 Qc8 19.Rab1 Re8 20.Rb5 Ba6 21.Rb2 Bb7 22.Rdb1 g6
23.Rb5 Ba6 24.R5b3 Bb7 25.Qc2 Bxf3 26.Nxf3 Qa6 27.Nd2 Rbc8 28.Rb5 Be7 29.Re1 Qa8
30.Bh6 c6 31.Rbb1 c5 32.Re2 Bf8 33.Bxf8 Rxf8 34.Ne4 cxd4 35.cxd4 Qc6 36.Rc1 Rfd8
37.Qb3 Kg7 38.Rcc2 Qc7 39.Qb2 Kg8 40.g3 Qc6 41.Qa2 Qc7 42.Qa1 Qc6 43.h4 h6
44.Qa3 Kg7 45.Nd6 Rb8 46.d5 exd5 47.Nxf7 Re8 48.Re7 Rxe7 49.Qxe7 Qf6 50.Qxd7
Qxf7 51.Qd6 Rc8 52.Re2 Re8 53.Rxe8 Qxe8 54.Qxd5 Qxa4 55.Qb7+ Kf6 56.Qxb6+ Kf5
57.Qc5+ Ke6 58.Qd5+ Ke7 59.c5 Qd7 60.Qe4+ Qe6 61.Qb7+ Kf6 62.Qb2+ Kf7 63.Qc3 a4
64.c6 a3 65.c7 a2 66.Qa1 Qc4 67.c8=Q Qxc8 68.Qxa2+ Kg7 69.Qa1+ Kf7 70.Qa7+ Kf6
71.Qd4+ Kf7 72.Qd5+ Kf6 73.Qd6+ Kf7 74.Qf4+ Kg7 75.Qe5+ Kf7 76.h5 gxh5 77.Qxh5+
Kg7 78.Qe5+ Kf7 79.Kg2 Qc6+ 80.f3 Qb6 81.Kh3 Kg6 82.Kg4 Qd8 83.Qe4+ Kg7 84.f4
Qd7+ 85.Kh4 Qd2 86.Qe7+ Kg6 87.Qe6+ Kg7 88.Qg4+ Kh7 89.Qf5+ Kg7 90.Qe5+ Kf7
91.Kh3 Qc1 92.Qd5+ Kg7 93.Qd7+ Kg6 94.Qe6+ Kg7 95.Qd5 Qc2 96.Qd7+ Kf6 97.Qd5 Kg7
98.Qe6 Qb1 99.Qe5+ Kg6 100.Qd5 Kg7 101.Kh4 Qc2 102.Qd7+ Kf6 103.Qd8+ Kg7
104.Qe7+ Kg6 105.Qe6+ Kg7 106.Kh3 Qb1 107.Kg2 Qc2+ 108.Kf3 Qd3+ 109.Qe3 Qd5+
110.Kg4 Qd1+ 111.Kf5 Qd7+ 112.Ke5 Qe7+ 113.Kd4 Qb4+ 114.Kd3 Qb3+ 115.Ke2 Qc2+
116.Qd2 Qc6 117.Qd4+ Kg6 118.Kf2 Qc2+ 119.Kf3 Qb3+ 120.Kg4 Qe6+ 121.Kh4 Qe7+
122.Kh3 Qb7 123.Qd6+ Kg7 124.Kg4 Qc8+ 125.f5 Qc4+ 126.Kh5

[Event "aut_chT04"]
[Site "Fuerstenfeld"]
[Date "2005.03.17"]
[Round "8"]
[Board "3"]
[White "Balinov, Ilia"]
[Black "Stohl, Igor"]
[Result "1/2-1/2"]
[WhiteElo "2372"]
[BlackElo "2554"]
[PlyCount "25"]

1.e4 e5 2.Nf3 Nf6 3.Nxe5 d6 4.Nf3 Nxe4 5.Qe2 Qe7 6.d3 Nf6 7.Bg5 Qxe2+ 8.Bxe2 Be7
9.Nc3 c6 10.O-O-O Na6 11.h3 Nc7 12.Bf4 O-O 13.Ne4

[Event "aut_chT04"]
[Site "Fuerstenfeld"]
[Date "2005.03.17"]
[Round "8"]
[Board "4"]
[White "Brestian, Egon"]
[Black "Mahdy, Khaled"]
[Result "1/2-1/2"]
[WhiteElo "2415"]
[BlackElo "2383"]
[PlyCount "64"]

1.d4 Nf6 2.Nf3 g6 3.c4 c5 4.Nc3 Bg7 5.e4 O-O 6.Be2 d6 7.O-O Bg4 8.d5 e6 9.dxe6
Bxe6 10.Bf4 Qb6 11.Qb3 Qc6 12.Ng5 Nbd7 13.Rad1 Ne8 14.Bg3 a6 15.Nxe6 fxe6 16.Bg4
Kf7 17.f4 Bd4+ 18.Kh1 Nef6 19.Bf3 e5 20.Nd5 Kg7 21.Qc2 Rae8 22.Bh4 Qc8 23.f5
gxf5 24.exf5 e4 25.Bxf6+ Nxf6 26.Nxf6 Rxf6 27.Bxe4 b5 28.b3 Qd8 29.Bd5 Rh6
30.f6+ Rxf6 31.Rxf6 Qxf6 32.g3 b4

[Event "aut_chT04"]
[Site "Fuerstenfeld"]
[Date "2005.03.17"]
[Round "8"]
[Board "6"]
[White "Bawart, Markus"]
[Black "Kleiser, Gregor"]
[Result "0-1"]
[WhiteElo "2355"]
[BlackElo "2262"]
[PlyCount "55"]

1.Nf3 Nf6 2.c4 g6 3.Nc3 d5 4.cxd5 Nxd5 5.Qa4+ Bd7 6.Qb3 Nb6 7.Ng5 e6 8.d4 Bg7
9.Nf3 Nc6 10.Be3 Qe7 11.Rd1 a5 12.a3 a4 13.Qc2 Nd5 14.Bg5 f6 15.Nxd5 exd5 16.Bf4
O-O 17.e3 Rf7 18.Bd3 Bg4 19.Kf1 Bf8 20.h3 Be6 21.h4 Qd7 22.Rc1 Na5 23.h5 g5
24.Bg3 b5 25.h6 Nc4 26.Bxh7+ Rxh7 27.Qg6+ Bg7 28.Ke1

[Event "aut_chT04"]
[Site "Fuerstenfeld"]
[Date "2005.03.17"]
[Round "8"]
[Board "1"]
[White "Shchekachev, Andrei"]
[Black "Baklan, Vladimir"]
[Result "1/2-1/2"]
[WhiteElo "2559"]
[BlackElo "2578"]
[PlyCount "87"]

1.Nf3 Nf6 2.c4 e6 3.Nc3 Bb4 4.Qc2 c5 5.a3 Ba5 6.g3 Nc6 7.Bg2 O-O 8.O-O d6 9.e3
e5 10.d3 a6 11.Nh4 Bd7 12.Rb1 Rb8 13.Na2 b5 14.b4 Bb6 15.Bb2 Qe7 16.Rfc1 Rfc8
17.Qe2 Ba7 18.Ba1 h6 19.Qd2 g5 20.Nf3 Bf5 21.bxc5 Bxc5 22.cxb5 axb5 23.Nb4 Nxb4
24.axb4 Bb6 25.Bb2 Qe6 26.Ra1 Bg6 27.Rxc8+ Rxc8 28.Ra6 Nd7 29.Ne1 d5 30.d4 e4
31.Bf1 Qc6 32.Ra1 Rb8 33.Rc1 Qd6 34.Bxb5 Bd8 35.Bf1 Qxb4 36.Qxb4 Rxb4 37.Ba3 Rb8
38.Bd6 Ra8 39.Bb5 Nb6 40.Kf1 Bf5 41.Kg2 Be6 42.Nc2 Nc4 43.Bc5 Na5 44.Ra1

[Event "aut_chT04"]
[Site "Fuerstenfeld"]
[Date "2005.03.17"]
[Round "8"]
[Board "2"]
[White "Kindermann, Stefan"]
[Black "Hertneck, Gerald"]
[Result "1/2-1/2"]
[WhiteElo "2536"]
[BlackElo "2547"]
[PlyCount "52"]

1.e4 e6 2.d4 d5 3.Nd2 Nf6 4.e5 Nfd7 5.Bd3 c5 6.c3 Nc6 7.Ne2 cxd4 8.cxd4 f6
9.exf6 Nxf6 10.Nf3 Bd6 11.O-O O-O 12.Bf4 Bxf4 13.Nxf4 Ne4 14.Qc1 Ng5 15.Nxg5
Qxg5 16.Ne2 Qxc1 17.Raxc1 a6 18.Rfd1 Bd7 19.f3 Rac8 20.Kf2 Kf7 21.Bb1 Ke7
22.Bxh7 Rh8 23.Bb1 Rxh2 24.Nf4 Rh6 25.Ke3 Kd6 26.Nd3 Rhh8

[Event "aut_chT04"]
[Site "Fuerstenfeld"]
[Date "2005.03.17"]
[Round "8"]
[Board "3"]
[White "Zelcic, Robert"]
[Black "Kosten, Anthony C."]
[Result "1-0"]
[WhiteElo "2514"]
[BlackElo "2527"]
[PlyCount "159"]

1.e4 c5 2.Nf3 d6 3.d4 Nf6 4.Nc3 cxd4 5.Nxd4 a6 6.Be2 e5 7.Nb3 Be7 8.O-O O-O 9.a4
Be6 10.f4 exf4 11.Bxf4 Nc6 12.Kh1 Rc8 13.Nd4 Nxd4 14.Qxd4 Ne8 15.Rad1 Rc6 16.e5
Qc8 17.Bd3 dxe5 18.Bxe5 Bd6 19.Ne4 Bxe5 20.Qxe5 Bc4 21.Ng3 Bxd3 22.cxd3 Qe6
23.Qf4 Nd6 24.Rd2 Qd5 25.h3 Re8 26.Qg4 h6 27.Rf3 Rc1+ 28.Kh2 Re6 29.Rdf2 Qg5
30.Rxf7 Qxg4 31.Rf8+ Kh7 32.hxg4 Rd1 33.R2f3 Rb1 34.Rf2 Rd1 35.R8f3 b5 36.a5 Re5
37.Nh5 b4 38.Rc2 Re7 39.Rc6 Nf7 40.Rxa6 Ne5 41.Rg3 Nxd3 42.g5 hxg5 43.Rxg5 Nxb2
44.Nf4 Red7 45.Rb6 R1d6 46.Rh5+ Kg8 47.Rxb4 Nd3 48.Rb8+ Kf7 49.Rf5+ Rf6 50.Rxf6+
Kxf6 51.Nxd3 Rxd3 52.Rf8+ Ke5 53.Rf7 g6 54.Rf3 Rd6 55.Ra3 Ra6 56.Kg3 Kf5 57.Kf3
Ke5 58.Kg4 Ke4 59.Kg5 Kd4 60.Ra4+ Ke3 61.g4 Kf3 62.Kh6 Kg3 63.g5 Kf3 64.Kg7 Ke3
65.Kf7 Kd3 66.Rf4 Ke3 67.Rf6 Rxa5 68.Kxg6 Ke4 69.Kh6 Ke5 70.Rf1 Ra2 71.g6 Rh2+
72.Kg7 Ke6 73.Re1+ Kd7 74.Kg8 Rg2 75.g7 Rh2 76.Re4 Rh1 77.Kf7 Rf1+ 78.Kg6 Rg1+
79.Kf6 Rg2 80.Re5

[Event "aut_chT04"]
[Site "Fuerstenfeld"]
[Date "2005.03.17"]
[Round "8"]
[Board "4"]
[White "Freitag, Manfred"]
[Black "Klinger, Josef"]
[Result "1/2-1/2"]
[WhiteElo "2396"]
[BlackElo "2442"]
[PlyCount "21"]

1.d4 e6 2.c4 d5 3.Nf3 c6 4.e3 Bd6 5.Bd3 f5 6.O-O Nf6 7.b3 Qe7 8.Bb2 O-O 9.Nbd2
Ne4 10.Ne5 Bd7 11.f3

[Event "aut_chT04"]
[Site "Fuerstenfeld"]
[Date "2005.03.17"]
[Round "8"]
[Board "5"]
[White "Lendwai, Reinhard"]
[Black "Karner, Christoph"]
[Result "1/2-1/2"]
[WhiteElo "2412"]
[BlackElo "2370"]
[PlyCount "53"]

1.e4 c5 2.Nf3 d6 3.Bb5+ Nd7 4.d4 Ngf6 5.Nc3 cxd4 6.Qxd4 e5 7.Qd3 h6 8.Be3 a6
9.Bc4 b5 10.Bd5 Rb8 11.a3 Be7 12.O-O Nxd5 13.Nxd5 Nf6 14.Nxf6+ Bxf6 15.Rfd1 Be7
16.Nd2 O-O 17.f3 Be6 18.Nb1 Qc7 19.Nc3 Rfc8 20.Rac1 b4 21.Nd5 Bxd5 22.exd5 bxa3
23.Qxa3 Qb7 24.b3 Rc3 25.Bd2 Rc5 26.Be3 Rc3 27.Bd2

[Event "aut_chT04"]
[Site "Fuerstenfeld"]
[Date "2005.03.17"]
[Round "8"]
[Board "6"]
[White "Wittmann, Walter"]
[Black "Danner, Georg"]
[Result "1/2-1/2"]
[WhiteElo "2386"]
[BlackElo "2435"]
[PlyCount "61"]

1.e4 c5 2.Nf3 d6 3.d4 cxd4 4.Nxd4 Nf6 5.Nc3 Nc6 6.Be3 e5 7.Nf3 Be7 8.Bc4 O-O
9.O-O Na5 10.Bb3 Be6 11.Qe2 Qc8 12.Rfd1 Nxb3 13.axb3 Qc6 14.Bg5 h6 15.Bxf6 Bxf6
16.Nd2 Rfc8 17.Nf1 a6 18.Ne3 Bg5 19.Ned5 Bxd5 20.Rxd5 Re8 21.Qd3 Re6 22.Ne2 b5
23.c3 Rf8 24.Rd1 g6 25.Qg3 Kh7 26.h4 Be7 27.h5 gxh5 28.Qh3 h4 29.f4 Rg6 30.Kh1
Qc8 31.Qxc8

[Event "aut_chT04"]
[Site "Fuerstenfeld"]
[Date "2005.03.18"]
[Round "9"]
[Board "1"]
[White "Baklan, Vladimir"]
[Black "Pinter, Jozsef"]
[Result "1/2-1/2"]
[WhiteElo "2578"]
[BlackElo "2535"]
[PlyCount "89"]

1.e4 e5 2.Nf3 Nc6 3.Bb5 a6 4.Ba4 Nf6 5.O-O Be7 6.Re1 b5 7.Bb3 O-O 8.a4 b4 9.d4
d6 10.dxe5 Nxe5 11.Nxe5 dxe5 12.Qe2 Bc5 13.Be3 Bd4 14.c3 bxc3 15.bxc3 Bxe3
16.Qxe3 Qe7 17.Nd2 Be6 18.h3 Rfd8 19.Bxe6 Qxe6 20.Nf3 Ne8 21.c4 Nd6 22.c5 Nc8
23.Ng5 Qe7 24.Red1 Na7 25.Rd5 Nc6 26.Nf3 h6 27.Rad1 Nb4 28.Rxd8+ Rxd8 29.Rxd8+
Qxd8 30.Nxe5 Qd1+ 31.Kh2 Qxa4 32.Qd4 Qe8 33.f4 a5 34.c6 f6 35.Qc4+ Kh8 36.Nd7
Qa8 37.e5 Qxc6 38.Qf7 fxe5 39.fxe5 Qd5 40.Qe8+ Qg8 41.Nf8 Nd5 42.e6 Nf6 43.Ng6+
Kh7 44.Nf8+ Kh8 45.Ng6+

[Event "aut_chT04"]
[Site "Fuerstenfeld"]
[Date "2005.03.18"]
[Round "9"]
[Board "2"]
[White "Balogh, Csaba"]
[Black "Kindermann, Stefan"]
[Result "1/2-1/2"]
[WhiteElo "2519"]
[BlackElo "2536"]
[PlyCount "85"]

1.e4 e6 2.d4 d5 3.Nd2 Nf6 4.e5 Nfd7 5.Bd3 c5 6.c3 Nc6 7.Ne2 cxd4 8.cxd4 Qb6
9.Nf3 f6 10.exf6 Nxf6 11.O-O Bd6 12.b3 O-O 13.Bb2 Bd7 14.Ng3 Bf4 15.Ne2 Bd6
16.Ng3 Bf4 17.Ne5 Be8 18.Nxc6 Bxc6 19.Ba3 Rf7 20.Ne2 Bh6 21.Bc1 Bxc1 22.Rxc1 a5
23.Qd2 a4 24.b4 Ne4 25.Bxe4 dxe4 26.Rc5 Bb5 27.Re1 Raf8 28.Nc3 Bd3 29.Nxe4 Bxe4
30.Rxe4 Rxf2 31.Qxf2 Rxf2 32.Kxf2 Qxb4 33.Rc2 b5 34.Rxe6 Qxd4+ 35.Re3 b4 36.Ke2
h6 37.g3 Kh7 38.Rd2 Qa1 39.Kd3 Qc3+ 40.Ke2 Qc1 41.Kd3 Qc3+ 42.Ke2 Qc1 43.Kd3

[Event "aut_chT04"]
[Site "Fuerstenfeld"]
[Date "2005.03.18"]
[Round "9"]
[Board "3"]
[White "Kosten, Anthony C."]
[Black "Fogarasi, Tibor"]
[Result "1-0"]
[WhiteElo "2527"]
[BlackElo "2442"]
[PlyCount "75"]

1.Nf3 Nf6 2.c4 g6 3.b4 Bg7 4.Bb2 O-O 5.g3 d6 6.Bg2 e5 7.O-O Re8 8.d3 a5 9.b5 e4
10.Ne1 e3 11.f3 d5 12.Nc2 c5 13.d4 Nbd7 14.Nba3 b6 15.cxd5 Nxd5 16.f4 Bb7 17.Nc4
N7f6 18.dxc5 bxc5 19.Be5 Qe7 20.Nd6 Nc3 21.Bxc3 Bxg2 22.Bxf6 Bxf6 23.Nxe8 Bxa1
24.Kxg2 Bh8 25.Qd5 Rxe8 26.Rf3 Rd8 27.Rxe3 Qc7 28.Qe4 c4 29.a4 Bf6 30.g4 h6
31.Qf3 Kg7 32.Re4 Rd2 33.Ne3 c3 34.Rc4 Qb8 35.Nd5 Qd6 36.Nxc3 Qe6 37.Rc6 Qd7
38.Ne4

[Event "aut_chT04"]
[Site "Fuerstenfeld"]
[Date "2005.03.18"]
[Round "9"]
[Board "4"]
[White "Baumegger, Siegfried"]
[Black "Karner, Christoph"]
[Result "1-0"]
[WhiteElo "2417"]
[BlackElo "2370"]
[PlyCount "57"]

1.e4 c5 2.Nc3 d6 3.Nge2 Nf6 4.g3 Nc6 5.Bg2 g6 6.O-O Bg7 7.d3 Rb8 8.Be3 O-O 9.h3
b5 10.Qd2 b4 11.Nd1 Nd7 12.Bh6 Nd4 13.Bxg7 Nxe2+ 14.Qxe2 Kxg7 15.Ne3 e6 16.f4 f5
17.Nc4 Nb6 18.e5 d5 19.Nd6 a5 20.Qf2 Qc7 21.g4 fxg4 22.hxg4 Bd7 23.Qg3 Nc8 24.f5
exf5 25.gxf5 Nxd6 26.exd6 Qb6 27.Qe5+ Kh6 28.Qe3+ g5 29.Qh3+